| 000 | 00347nam a2200133Ia 4500 | ||
|---|---|---|---|
| 008 | 210210b1974 xxu||||| |||| 00| 0 eng d | ||
| 082 | _a413 BHAS | ||
| 100 | _aBHAT (Vidvan K Krishna). | ||
| 245 | _aSanskrit-kannada suvarna kosha. | ||
| 260 |
_aIndia _bMinistry of education _c1974 |
||
| 300 | _a646,10 | ||
| 690 | _aDictionaries | ||
| 906 | _a033940 | ||
| 999 |
_c84699 _d84699 |
||